Bacskai Béla

Bibliographic Details
Main Author: Kubičková, Klára, 1936-2022 (Author)
Format: Book
Language:Undetermined
PhysicalDescription:104 s.
Published: Bratislava Madách 1983

MARC

LEADER 00000nam a2200000 a 4500
001 vtls001371653
003 SK-MaSNL
005 20260301011029.0
008 240318s1983 xx 0 und
035 |a SNK000325470 
040 |a SNK  |b slo  |c SNK  |e AACR2 
100 1 |a Kubičková, Klára,  |d 1936-2022  |4 aut  |9 104064 
245 1 0 |a Bacskai Béla 
260 |a Bratislava  |b Madách  |c 1983 
300 |a 104 s. 
958 |a OND 
999 |c 549813  |d 551743 
952 |a SNK  |b SNK  |y PREZ  |7 0  |p 17A0772021  |o snkSB 37144  |0 0  |1 0  |4 0  |d 2012-04-03  |l 0  |r 2025-04-16 00:00:00  |w 2026-02-23 
952 |t P60, <04>, [BOOK], {604}  |a SNK  |b SNK  |y VYP  |7 0  |p 17A0209249  |o snkSB 37144 D1  |0 0  |1 0  |4 0  |d 1999-09-07  |l 0  |r 2005-01-02 00:00:00  |w 2026-02-23